| 000 | 01147cam a22003014a 4500 | ||
|---|---|---|---|
| 001 | 12718324 | ||
| 003 | OSt | ||
| 005 | 20240222153722.0 | ||
| 008 | 020325s2002 enka b 001 0 eng | ||
| 010 | _a 2002024387 | ||
| 020 | _a0812237013 (alk. paper) | ||
| 020 | _a9780812237016 | ||
| 040 |
_aDLC _cDLC _dDLC |
||
| 042 | _apcc | ||
| 050 | 0 | 0 |
_aTT920 _b.O84 2002 |
| 082 | 0 | 0 |
_a738 _221 _bOST |
| 100 | 1 |
_aOstermann, Matthias. _9121131 |
|
| 245 | 1 | 4 |
_aThe ceramic surface / _cMatthias Ostermann. |
| 260 |
_aLondon : _bA & C Black ; _aPhiladelphia : _bUniversity of Pennsylvania Press, _c2002. |
||
| 300 |
_avii, 200 p. : _bcol. ill. ; _c29 cm. |
||
| 504 | _aIncludes bibliographical references (p. 198) and index. | ||
| 650 | 0 |
_aPottery craft. _9121132 |
|
| 856 | 4 | 1 |
_3Table of contents _uhttp://www.loc.gov/catdir/toc/fy035/2002024387.html |
| 906 |
_a7 _bcbc _corignew _d1 _eocip _f20 _gy-gencatlg |
||
| 942 |
_2ddc _cREF |
||
| 999 |
_c608036 _d608036 |
||